00625nam a22001937a 450000500170000001000140001702000230003102000260005403500130008003700130009308200130010610000290011924501330014826000550028127000270033630000240036370000280038770000160041520100724104234.0 aENG-96793 a8187710187c300.00 a9788187710189c300.00 aEN-80326 bDBAD/PUB a280.5172 aSavarkar, Ganesh Damodar aJesus, the christ was a Hinducby Ganesh Damodar Savarkar [and] Alias Babarao Savarkar ; translated into english by P V Vartak aHaryanabIndian foundation for vedic sciencec2003 a1051, sector-1, Rohtak a162 p.c21 cm (pbk) aSavarkar, Alias Babarao aVartak, P V